000 00515nam a22001937a 4500
008 151013b xxu||||| |||| 00| 0 eng d
020 _a9780872894846
041 0 _aeng
080 _a316.77
100 1 _aHanson, Ralph E.
245 1 0 _aMass communication :
_cRalph E. Hanson.
250 _a2nd ed.
260 _aWashington, D.C. :
_bCQ Press,
_c2008.
300 _axxxiii, 614 f. :
_bme il.;
_c26 cm.
650 0 _aMedia
650 0 _aKomunikim
650 0 _aMasiv
942 _2udc
_cBK
999 _c1275
_d1275